Complete wireless design (0 07 137016 1)

محفوظ في:
التفاصيل البيبلوغرافية
المؤلف الرئيسي: COTTER W SAYRE
التنسيق: كتاب
اللغة:Undetermined
منشور في: McGraw-Hill 2001
الوسوم: إضافة وسم
لا توجد وسوم, كن أول من يضع وسما على هذه التسجيلة!
Thư viện lưu trữ: Trung tâm Học liệu Trường Đại học Cần Thơ
LEADER 00397nam a2200145Ia 4500
001 CTU_49643
008 210402s9999 xx 000 0 und d
082 |a 621.384 
082 |b S274 
100 |a COTTER W SAYRE 
245 0 |a Complete wireless design (0 07 137016 1) 
245 0 |c COTTER W SAYRE 
260 |b McGraw-Hill 
260 |c 2001 
980 |a Trung tâm Học liệu Trường Đại học Cần Thơ